| 000 | 00854nam a22001817a 4500 | ||
|---|---|---|---|
| 999 |
_c61971 _d61971 |
||
| 003 | Ge_BSU | ||
| 005 | 20240618111308.0 | ||
| 008 | 240618s1955 ge ||||| |||| 00| 0 geo d | ||
| 041 | _ageo | ||
| 080 | _a614.2 ლ-92 | ||
| 100 |
_aლუკიანოვი, ვ.ს. _922468 |
||
| 245 |
_aროგორ შევინარჩუნოთ ჯანმრთელობა და შრომისუნარიანობა / _cვ.ს. ლუკიანოვი; რედ. ს. საყვარელიძე. |
||
| 264 |
_aთბილისი : _b საქმედგამი, _c1955. |
||
| 300 |
_a266 გვ. : _bილ. ; _c21 სმ. |
||
| 653 | _aჯანმრთელობის დაცვა | ||
| 700 |
_aსაყვარელიძე, ს. _eრედაქტორი _922385 |
||
| 942 |
_2udc _cᲬᲘᲒᲜᲘ |
||